000 01036nas a2200325 4500
001 BR7801856
003 BR-BrBNA
005 20231205083415.0
007 ta
008 230509b bl.|||p| |||| 00| 00por d
040 _aBR-BrBNA
_bpor
_cBiblioteca Nacional de Agricultura
041 _a(Pt)
072 _aF25; F22
100 1 _aPonchio, C.O.
100 1 _aRosalem, C.
100 1 _aSacchi, E.
100 1 _aSilva, L.C.F.
100 1 _aMattiazzo, M.E.
100 1 _aMello, F. de A.F. de
245 1 _aComparacao entre o arroz e o painco como plantas indicadoras para avaliacao dos teores de fosforo e de potassio disponiveis, pelo metodo de Neubauer [Oryza sativa, Pennisetum glaucum, Brasil]
650 _aFERTILIDADE DO SOLO
650 _aARROZ
650 _aPAINCO
650 _aNUTRIENTE
650 _aFOSFORO
650 _aPOTASSIO
773 0 _tRevista de Agricultura (Brazil)
_xISSN 0034-7655
_g(Dec 1977), v. 52(4) p. 203-208
_wBR7801856
909 _a202311
_bLúcia
_c55
_dLúcia Elande
942 _2AGRIS
_n0
_cANA
999 _c98542
_d98542